| 000 | 00584nam a2200181Ia 4500 | ||
|---|---|---|---|
| 005 | 20250508160028.0 | ||
| 008 | 008 250505s9999 xx 000 0 eng d | ||
| 037 | _aBooks to be hide in OPAC | ||
| 040 |
_aFEDL _beng _cFEDL |
||
| 041 |
_aeng _2eng |
||
| 084 |
_a371.709 42, LON/O _qFEDL |
||
| 245 | 0 | _aReport on the heights and weights of school pupils in the county of London in 1949 | |
| 245 | 0 | _cLondon County Council | |
| 260 |
_aWestminster _bLondon County Council _c1950 |
||
| 300 | _a26p. | ||
| 942 |
_cHB _h371.709 42, LON/O |
||
| 999 |
_c1361198 _d1361198 |
||